| 000 | 00380 a2200169 4500 | ||
|---|---|---|---|
| 001 | 69198 | ||
| 020 | _a8526238795 | ||
| 040 | _cAnchieta - Itaigara | ||
| 100 | _aNoel, Genevieve | ||
| 240 | 1 | 0 |
_aO gato que perdeu a cor _lpor |
| 245 | 1 | 0 | _aO gato que perdeu a cor |
| 300 | _a32 | ||
| 362 | 0 | _a2003 | |
| 440 | 1 | _aScipione | |
| 650 | 4 | _aLiteratura infanto-juvenil | |
| 942 | _cBK | ||
| 999 |
_c69198 _d69198 |
||